000 00537nam a22001817a 4500
005 20231116121915.0
008 231116b |||||||| |||| 00| 0 eng d
020 _a0702105031
041 _aEnglish
082 _a343.9 HAL
100 _aHall, CG
_lEnglish
245 _aHall on Water Rights in South Africa /
_cCG Hall
250 _aFourth Edition
260 _aCape Town :
_bJuta and Company Ltd,
_c1974
300 _bx, 393 pages ;
_c25,5 cm.
650 _aLegal practice
_bLaw
942 _cBK
_6ALISON_BN_VRIES
999 _c729
_d729